[Event "Obi-Wan BENONI"]
[Site "SchemingMind.com"]
[Date "2005.10.29"]
[Round "-"]
[White "Aumonde"]
[Black "Louis Lima"]
[Result "1-0"]
[WhiteCountry "USA"]
[BlackCountry "ESP"]
[WhiteElo "2128"]
[WhiteRD "65"]
[BlackElo "1983"]
[BlackRD "85"]
[GameID "28877"]

1. d4 Nf6 2. c4 c5 3. d5 e6 4. Nc3 exd5 5. cxd5 d6 6. Nf3 g6 7. e4 Bg7 8. Be2 O-O 9. O-O a6 10. a4 Bg4
11. Nd2 Bxe2 12. Qxe2 Re8 13. Nc4 Nxe4 14. Nxe4 f5 15. Bg5 Qxg5 16. Nf6+ Qxf6 17. Qxe8+ Qf8 18. Rfe1 Nc6 19. Qe6+
1-0

[Event "Obi-Wan BENONI"]
[Site "SchemingMind.com"]
[Date "2005.10.29"]
[Round "-"]
[White "Louis Lima"]
[Black "Aumonde"]
[Result "0-1"]
[WhiteCountry "ESP"]
[BlackCountry "USA"]
[WhiteElo "1717"]
[WhiteRD "56"]
[BlackElo "2145"]
[BlackRD "64"]
[GameID "28878"]

1. d4 Nf6 2. c4 c5 3. d5 e6 4. Nc3 exd5 5. cxd5 g6 6. e4 d6 7. f4 Bg7 8. Bb5+ Bd7 9. e5 Nh5 10. Nf3 dxe5
11. fxe5 Bxb5 12. Nxb5 O-O 13. g4 Qd7 14. Qa4 a6 15. gxh5 Qxb5 16. Qxb5 axb5 17. hxg6 fxg6 18. O-O Rf5 19. e6 Rxd5
0-1

[Event "Obi-Wan BENONI"]
[Site "SchemingMind.com"]
[Date "2005.10.29"]
[Round "-"]
[White "IvanXXIII"]
[Black "Aumonde"]
[Result "0-1"]
[WhiteCountry "CRO"]
[BlackCountry "USA"]
[WhiteElo "1557"]
[WhiteRD "75"]
[BlackElo "2135"]
[BlackRD "68"]
[GameID "28888"]

1. d4 Nf6 2. c4 c5 3. d5 e5 4. Nc3 d6 5. e4 Be7 6. g3 O-O 7. Bg2 Ne8 8. Nge2 Bg5 9. O-O Nd7 10. Bxg5 Qxg5
11. f4 Qh6 12. f5 Qe3+ 13. Kh1 Nb6 14. Rf3 Qh6 15. b3 Bd7 16. Qf1 a5 17. a4 Nc7 18. Nc1 Na6 19. Nd3 Nb4 20. Nxb4 axb4
21. Ne2= Ra6
0-1

[Event "Obi-Wan BENONI"]
[Site "SchemingMind.com"]
[Date "2005.10.29"]
[Round "-"]
[White "IvanXXIII"]
[Black "Louis Lima"]
[Result "0-1"]
[WhiteCountry "CRO"]
[BlackCountry "ESP"]
[WhiteElo "1557"]
[WhiteRD "75"]
[BlackElo "1688"]
[BlackRD "59"]
[GameID "28889"]

1. d4 Nf6 2. c4 c5 3. d5 e6 4. Nc3 exd5 5. cxd5 d6 6. e4 g6 7. f4 Bg7 8. Bb5+ Nfd7 9. a4 O-O 10. Nf3 Na6
11. O-O Nc7 12. Bd3 a6 13. Nd2 Nf6 14. Nc4 Ng4
0-1

[Event "Obi-Wan BENONI"]
[Site "SchemingMind.com"]
[Date "2005.10.29"]
[Round "-"]
[White "Aumonde"]
[Black "IvanXXIII"]
[Result "1-0"]
[WhiteCountry "USA"]
[BlackCountry "CRO"]
[WhiteElo "2135"]
[WhiteRD "68"]
[BlackElo "1557"]
[BlackRD "75"]
[GameID "28890"]

1. d4 Nf6 2. c4 c5 3. dxc5 Na6 4. Nc3 Nxc5 5. Nf3 e6 6. g3 b6 7. Bg2 Bb7 8. Bf4 d6 9. O-O Be7 10. Qc2 O-O
11. Rfd1 a6 12. b4 Nce4 13. Nxe4 Bxe4 14. Qd2 d5 15. Qb2 Qc8 16. cxd5 Nxd5 17. Rac1 Qb7 18. Bd2 Rac8 19. Qd4 Rxc1 20. Rxc1 Bg6
21. Ne5
1-0

[Event "Obi-Wan BENONI"]
[Site "SchemingMind.com"]
[Date "2005.10.29"]
[Round "-"]
[White "Louis Lima"]
[Black "IvanXXIII"]
[Result "1/2-1/2"]
[WhiteCountry "ESP"]
[BlackCountry "CRO"]
[WhiteElo "1717"]
[WhiteRD "56"]
[BlackElo "1908"]
[BlackRD "98"]
[GameID "28891"]

1. d4 Nf6 2. c4 c5 3. d5 b5 4. cxb5 a6 5. bxa6 g6 6. Nc3 Bxa6 7. Nf3 d6 8. g3 Bg7 9. Bg2 Nbd7 10. O-O Nb6
11. Re1 O-O 12. e4 Nfd7 13. Ng5 Ne5 14. Bf1=
1/2-1/2

[Event "Obi-Wan BENONI"]
[Site "SchemingMind.com"]
[Date "2005.10.29"]
[Round "-"]
[White "sythymesnos"]
[Black "Aumonde"]
[Result "0-1"]
[WhiteCountry "FRA"]
[BlackCountry "USA"]
[WhiteElo "1894"]
[WhiteRD "68"]
[BlackElo "2145"]
[BlackRD "64"]
[GameID "28892"]

1. d4 Nf6 2. c4 c5 3. d5 e5 4. Nc3 d6 5. e4 Be7 6. h3 Na6 7. Nf3 O-O 8. Be2 Ne8 9. O-O h6 10. Nh2 f5
11. f4 exf4 12. Bxf4 Bf6 13. exf5 Bd4+ 14. Kh1 Bxf5 15. Bg3 Qe7 16. Nf3 Bxc3 17. bxc3 Nf6 18. Nh4 Bh7 19. Bd3 Ne4 20. Bxe4 Qxe4
21. Qb3 Rxf1+ 22. Rxf1 Qd3 23. Rf3 Qb1+ 24. Qxb1 Bxb1 25. Bxd6 Rd8 26. Be7 Re8 27. d6 Nb8 28. Rf1 Bxa2 29. Ra1 Bxc4 30. Rxa7 Bd5
31. Ra8 Kf7 32. Nf5 Be6 33. g4 Bxf5 34. gxf5 Nc6 35. Rxe8 Kxe8 36. f6 Nxe7 37. fxe7 b5 38. Kg2 b4 39. Kf3 b3 40. Ke4 b2
41. Kd5 b1=Q 42. Kxc5 Qf5+ 43. Kc6 Qxh3 44. c4 h5 45. c5 h4 46. Kb6 Qe3 47. Kb5 h3 48. c6 Qe5+ 49. Kb6 Qxd6
0-1

[Event "Obi-Wan BENONI"]
[Site "SchemingMind.com"]
[Date "2005.10.29"]
[Round "-"]
[White "sythymesnos"]
[Black "Louis Lima"]
[Result "0-1"]
[WhiteCountry "FRA"]
[BlackCountry "ESP"]
[WhiteElo "1773"]
[WhiteRD "80"]
[BlackElo "1973"]
[BlackRD "93"]
[GameID "28893"]

1. d4 Nf6 2. c4 c5 3. d5 e6 4. Nc3 exd5 5. cxd5 d6 6. e4 g6 7. h3 Bg7 8. Nf3 O-O 9. Be2 Re8 10. Qc2 a6
11. a4 Qa5 12. Bd2 Qb4 13. Nb5 Qxe4 14. Qxe4 Nxe4 15. Nc7 Nxd2 16. Nxd2 Rxe2+ 17. Kxe2 Ra7 18. Ra2 b6 19. Ne8 Re7+ 20. Kf3 Rxe8
0-1

[Event "Obi-Wan BENONI"]
[Site "SchemingMind.com"]
[Date "2005.10.29"]
[Round "-"]
[White "sythymesnos"]
[Black "IvanXXIII"]
[Result "0-1"]
[WhiteCountry "FRA"]
[BlackCountry "CRO"]
[WhiteElo "1773"]
[WhiteRD "80"]
[BlackElo "1887"]
[BlackRD "113"]
[GameID "28894"]

1. d4 Nf6 2. c4 c5 3. d5 e6 4. Nc3 exd5 5. cxd5 d6 6. e4 g6 7. Bf4 a6 8. a4 Bg7 9. h3 O-O 10. Nf3 Nbd7
11. Bxd6 Re8 12. Bd3 Qb6 13. Bf4 Qxb2 14. Bd2 Nxe4 15. Bxe4 Rxe4+ 16. Nxe4 Qxa1 17. Qxa1 Bxa1 18. O-O Bg7 19. Nd6 Bf8 20. Nxc8 Rxc8
21. Bc3 Nb6
0-1

[Event "Obi-Wan BENONI"]
[Site "SchemingMind.com"]
[Date "2005.10.29"]
[Round "-"]
[White "Aumonde"]
[Black "sythymesnos"]
[Result "1-0"]
[WhiteCountry "USA"]
[BlackCountry "FRA"]
[WhiteElo "2145"]
[WhiteRD "64"]
[BlackElo "1894"]
[BlackRD "68"]
[GameID "28895"]

1. d4 Nf6 2. c4 c5 3. d5 e6 4. Nc3 exd5 5. cxd5 d6 6. Nf3 a6 7. e4 Bg4 8. h3 Bxf3 9. Qxf3 g6 10. Bf4 Bg7
11. Bd3 b5 12. e5 Nh5 13. Qe3 Nxf4 14. exd6+ Kd7 15. Qxf4 Rf8 16. O-O c4 17. Bc2 Qf6 18. Qg4+ Kd8 19. Rfe1 Nd7 20. a4 b4
21. Qxc4 Qxd6 22. Qh4+ Bf6 23. Ne4 Bxh4 24. Nxd6 Kc7 25. Nc4 Nb6 26. d6+ Kb7 27. Be4+ Ka7 28. Nxb6 Kxb6 29. Bxa8 Rxa8 30. Re4
1-0

[Event "Obi-Wan BENONI"]
[Site "SchemingMind.com"]
[Date "2005.10.29"]
[Round "-"]
[White "Louis Lima"]
[Black "sythymesnos"]
[Result "1/2-1/2"]
[WhiteCountry "ESP"]
[BlackCountry "FRA"]
[WhiteElo "1717"]
[WhiteRD "56"]
[BlackElo "1894"]
[BlackRD "68"]
[GameID "28896"]

1. d4 Nf6 2. c4 c5 3. d5 e6 4. Nc3 exd5 5. cxd5 d6 6. e4 a6 7. a4 g6 8. f4 Bg7 9. Nf3 Bg4 10. Be2 Bxf3
11. Bxf3 O-O 12. O-O Ne8 13. Qe2 Nd7 14. a5 Rb8 15. Bd2 b5 16. axb6 Rxb6 17. Rxa6 Rxb2 18. Qd3 Qc8 19. Rc6 Qb8 20. Nd1=
1/2-1/2

[Event "Obi-Wan BENONI"]
[Site "SchemingMind.com"]
[Date "2005.10.29"]
[Round "-"]
[White "IvanXXIII"]
[Black "sythymesnos"]
[Result "0-1"]
[WhiteCountry "CRO"]
[BlackCountry "FRA"]
[WhiteElo "1887"]
[WhiteRD "113"]
[BlackElo "1773"]
[BlackRD "80"]
[GameID "28897"]

1. d4 Nf6 2. c4 c5 3. d5 e6 4. Nc3 exd5 5. cxd5 d6 6. e4 a6 7. a4 g6 8. Nf3 Bg4 9. Be2 Bxf3 10. Bxf3 Bg7
11. O-O O-O 12. Bf4 h6 13. Re1 Ne8 14. e5 Nd7 15. e6 fxe6 16. dxe6 Rxf4 17. Bxb7 Rb8 18. exd7 Qxd7 19. Bd5+ Kh7 20. Qc2 Nf6
21. Re6 Rxb2 22. Qxb2 Nxd5 23. Qd2 Bxc3 24. Qxd5 Rd4 25. Rxd6 Rxd5 26. Rxd7+ Rxd7 27. Rc1 Bb2
0-1

[Event "Obi-Wan BENONI"]
[Site "SchemingMind.com"]
[Date "2005.10.29"]
[Round "-"]
[White "Gary"]
[Black "sythymesnos"]
[Result "0-1"]
[WhiteCountry "ENG"]
[BlackCountry "FRA"]
[WhiteElo "1453"]
[WhiteRD "58"]
[BlackElo "1765"]
[BlackRD "59"]
[GameID "28909"]

1. d4 Nf6 2. c4 c5 3. d5 e6 4. dxe6 fxe6 5. Nc3 d5 6. e3 Be7 7. Nf3 O-O 8. Be2 a6 9. a4 Nc6 10. O-O Bd6
11. b3 Nb4 12. Bb2 b6 13. Qd2 Bb7 14. Rad1 Rc8 15. Rfe1 Qc7 16. h3 Rfd8 17. Qc1 Bc6 18. Ba3 Qb8 19. Bxb4 cxb4 20. Nb1 a5
21. Nbd2 Bb7 22. Qb2 e5 23. cxd5 Bxd5 24. Nc4 Be7 25. Nfxe5 Ne4 26. Bf3 Nc3 27. Bxd5+ Nxd5
0-1

[Event "Obi-Wan BENONI"]
[Site "SchemingMind.com"]
[Date "2005.10.29"]
[Round "-"]
[White "Gary"]
[Black "Aumonde"]
[Result "0-1"]
[WhiteCountry "ENG"]
[BlackCountry "USA"]
[WhiteElo "1524"]
[WhiteRD "63"]
[BlackElo "2145"]
[BlackRD "64"]
[GameID "28910"]

1. d4 Nf6 2. c4 c5 3. d5 e6 4. dxe6 fxe6 5. Nc3 d5 6. e3 Nc6 7. Nf3 d4 8. exd4 cxd4 9. Ne2 e5 10. Bg5 Qb6
11. b3 e4 12. Nfxd4 e3 13. Bxe3 Bb4+ 14. Bd2 Ne4
0-1

[Event "Obi-Wan BENONI"]
[Site "SchemingMind.com"]
[Date "2005.10.29"]
[Round "-"]
[White "Gary"]
[Black "Louis Lima"]
[Result "0-1"]
[WhiteCountry "ENG"]
[BlackCountry "ESP"]
[WhiteElo "1524"]
[WhiteRD "63"]
[BlackElo "1717"]
[BlackRD "56"]
[GameID "28911"]

1. d4 Nf6 2. c4 c5 3. d5 e6 4. dxe6 fxe6 5. Nc3 d5 6. cxd5 exd5 7. Bg5 Be7 8. Nf3 d4 9. Bxf6 Bxf6 10. Ne4 O-O
11. g3 Nc6 12. Bg2 Bf5 13. Nxc5 Qa5+ 14. Nd2 Qxc5 15. Qb3+ Kh8 16. Qxb7 Nb4 17. O-O Rab8
0-1

[Event "Obi-Wan BENONI"]
[Site "SchemingMind.com"]
[Date "2005.10.29"]
[Round "-"]
[White "Gary"]
[Black "IvanXXIII"]
[Result "1/2-1/2"]
[WhiteCountry "ENG"]
[BlackCountry "CRO"]
[WhiteElo "1524"]
[WhiteRD "63"]
[BlackElo "1908"]
[BlackRD "98"]
[GameID "28912"]

1. d4 Nf6 2. c4 c5 3. dxc5 Na6 4. Nf3 Nxc5 5. Nc3 g6 6. e3 Bg7 7. Be2 d6 8. O-O O-O 9. Qc2 Bf5 10. Qd2 Nfe4
11. Nxe4 Bxe4 12. Nd4 e5 13. Nb3 Nxb3 14. axb3 d5 15. f3 Bf5 16. Rd1 d4 17. exd4 Qxd4+ 18. Kh1 Qxd2 19. Rxd2 Bh6 20. Rd5 Bxc1
21. Rxc1 f6=
1/2-1/2

[Event "Obi-Wan BENONI"]
[Site "SchemingMind.com"]
[Date "2005.10.30"]
[Round "-"]
[White "sythymesnos"]
[Black "Gary"]
[Result "1-0"]
[WhiteCountry "FRA"]
[BlackCountry "ENG"]
[WhiteElo "1910"]
[WhiteRD "67"]
[BlackElo "1523"]
[BlackRD "64"]
[GameID "28913"]

1. d4 Nf6 2. c4 c5 3. d5 b5 4. b3 g6 5. Bb2 Bg7 6. e4 d6 7. Nd2 Nbd7 8. f4 Qc7 9. Bd3 O-O 10. Ngf3 e6
11. O-O Bb7 12. dxe6 fxe6 13. cxb5 a6 14. Ng5 Rfe8 15. bxa6 Bxa6 16. Bxa6 Rxa6 17. e5 dxe5 18. fxe5 Nxe5 19. Qe2 Nfd7 20. Qxa6
1-0

[Event "Obi-Wan BENONI"]
[Site "SchemingMind.com"]
[Date "2005.10.30"]
[Round "-"]
[White "Aumonde"]
[Black "Gary"]
[Result "1-0"]
[WhiteCountry "USA"]
[BlackCountry "ENG"]
[WhiteElo "2135"]
[WhiteRD "68"]
[BlackElo "1498"]
[BlackRD "55"]
[GameID "28914"]

1. d4 Nf6 2. c4 c5 3. d5 b5 4. cxb5 a6 5. bxa6 e6 6. Nc3 Bxa6 7. e4 Bxf1 8. Kxf1 d6 9. Nge2 Be7 10. Qb3 exd5
11. Nxd5 Nxd5 12. Qxd5 Nd7 13. Nc3 O-O 14. Qf5 Nf6 15. h4 Qd7 16. Qxd7 Nxd7 17. Bg5 Bf6 18. Bxf6 Nxf6 19. f3 Rfb8 20. Rb1 Rb4
21. Kf2 Rab8 22. b3 Rd4 23. Rhd1 Rxd1 24. Rxd1 Rd8 25. e5 Ne8 26. Rd5 Kf8 27. Ne4
1-0

[Event "Obi-Wan BENONI"]
[Site "SchemingMind.com"]
[Date "2005.10.29"]
[Round "-"]
[White "Louis Lima"]
[Black "Gary"]
[Result "1/2-1/2"]
[WhiteCountry "ESP"]
[BlackCountry "ENG"]
[WhiteElo "1717"]
[WhiteRD "56"]
[BlackElo "1524"]
[BlackRD "63"]
[GameID "28915"]

1. d4 Nf6 2. c4 c5 3. d5 b5 4. cxb5 a6 5. bxa6 g6 6. Nc3 Bxa6 7. e4 Bxf1 8. Kxf1 d6 9. Nf3 Bg7 10. g3 O-O
11. Kg2 Nbd7 12. h3 Qb6 13. Re1 e6 14. Bf4= e5 15. Bc1 Rfb8=
1/2-1/2

[Event "Obi-Wan BENONI"]
[Site "SchemingMind.com"]
[Date "2005.10.29"]
[Round "-"]
[White "IvanXXIII"]
[Black "Gary"]
[Result "0-1"]
[WhiteCountry "CRO"]
[BlackCountry "ENG"]
[WhiteElo "1464"]
[WhiteRD "87"]
[BlackElo "1513"]
[BlackRD "66"]
[GameID "28916"]

1. d4 Nf6 2. c4 c5 3. d5 b5 4. cxb5 a6 5. bxa6 g6 6. Nc3 Bxa6 7. g3 Bg7 8. Bg2 d6 9. Nf3 O-O 10. O-O Nbd7
11. Rb1 Rb8 12. Qc2 e6 13. Ng5 Qe7 14. e4 e5 15. Re1 h6 16. Nf3 Rfc8
0-1

[Event "Obi-Wan BENONI"]
[Site "SchemingMind.com"]
[Date "2005.10.30"]
[Round "-"]
[White "miguel12"]
[Black "Gary"]
[Result "1-0"]
[WhiteCountry "USA"]
[BlackCountry "ENG"]
[WhiteElo "1512"]
[WhiteRD "83"]
[BlackElo "1453"]
[BlackRD "58"]
[GameID "28959"]

1. d4 Nf6 2. c4 c5 3. d5 b5 4. cxb5 a6 5. bxa6 Bxa6 6. Nc3 d6 7. g3 g6 8. Nf3 Bg7 9. Bg2 O-O 10. O-O Nbd7
11. Re1 Qb6 12. h3 Rab8 13. e4 e6 14. Rb1 Rfe8 15. b3 Bb7 16. Bb2 e5 17. Qd2
1-0

[Event "Obi-Wan BENONI"]
[Site "SchemingMind.com"]
[Date "2005.10.30"]
[Round "-"]
[White "miguel12"]
[Black "sythymesnos"]
[Result "0-1"]
[WhiteCountry "USA"]
[BlackCountry "FRA"]
[WhiteElo "1580"]
[WhiteRD "104"]
[BlackElo "1910"]
[BlackRD "67"]
[GameID "28960"]

1. d4 Nf6 2. c4 c5 3. d5 e6 4. Nc3 exd5 5. cxd5 d6 6. e4 a6 7. a4 g6 8. f4 Bg7 9. Nf3 O-O 10. Be2 Bg4
11. O-O Bxf3 12. Bxf3 Ne8 13. Re1 Nd7 14. Kh1 Rb8 15. Qd3 Nc7 16. Bg4 Qh4 17. Qg3 Qd8 18. Bxd7 Qxd7 19. Qd3 b5 20. axb5 axb5
21. Qe2 b4 22. Nd1 Rfe8 23. Nf2 Nxd5 24. Ng4 Nc3 25. Qf3 Nxe4
0-1

[Event "Obi-Wan BENONI"]
[Site "SchemingMind.com"]
[Date "2005.10.30"]
[Round "-"]
[White "miguel12"]
[Black "Aumonde"]
[Result "0-1"]
[WhiteCountry "USA"]
[BlackCountry "USA"]
[WhiteElo "1580"]
[WhiteRD "104"]
[BlackElo "2118"]
[BlackRD "70"]
[GameID "28961"]

1. d4 Nf6 2. c4 c5 3. d5 e5 4. Nc3 d6 5. e4 Be7 6. Nf3 O-O 7. Bd3 Na6 8. a3 Bg4 9. O-O Nd7 10. h3 Bh5
11. g4 Bg6 12. Kh2 Re8 13. Bd2 h6 14. Rg1 Qb6 15. Na4 Qd8 16. b4 Rc8 17. b5 Nab8 18. g5 hxg5 19. Nxg5 Bxg5 20. Rxg5 Nf6
21. Nc3 Nbd7 22. Qg1 Nh5 23. Qg2 Nf4 24. Qg3 Qa5 25. Nb1 Qa4 26. Bf1 Qd1 27. Bg2 Nxg2 28. Qxg2 Nb6
0-1

[Event "Obi-Wan BENONI"]
[Site "SchemingMind.com"]
[Date "2005.10.30"]
[Round "-"]
[White "miguel12"]
[Black "Louis Lima"]
[Result "1-0"]
[WhiteCountry "USA"]
[BlackCountry "ESP"]
[WhiteElo "1650"]
[WhiteRD "125"]
[BlackElo "1717"]
[BlackRD "56"]
[GameID "28962"]

1. d4 Nf6 2. c4 c5 3. d5 d6 4. Nc3 e6 5. e4 exd5 6. cxd5 g6 7. f4 Bg7 8. Bb5+ Nbd7 9. e5 dxe5 10. fxe5 Qe7
11. Qe2 Ng8 12. Nf3 a6 13. Bg5 f6 14. d6 Qe6 15. Bc4 Qg4 16. exf6+
1-0

[Event "Obi-Wan BENONI"]
[Site "SchemingMind.com"]
[Date "2005.10.30"]
[Round "-"]
[White "miguel12"]
[Black "IvanXXIII"]
[Result "1-0"]
[WhiteCountry "USA"]
[BlackCountry "CRO"]
[WhiteElo "1528"]
[WhiteRD "87"]
[BlackElo "1483"]
[BlackRD "83"]
[GameID "28963"]

1. d4 Nf6 2. c4 c5 3. d5 e6 4. Nc3 exd5 5. cxd5 d6 6. e4 g6 7. f4 Bg7 8. Bb5+ Nfd7 9. Nf3 Na6 10. e5 Nc7
11. e6 Nxb5 12. exf7+ Kxf7 13. Nxb5 Qa5+ 14. Nc3 Bxc3+ 15. bxc3 Qxc3+ 16. Bd2 Qd3 17. Ng5+ Ke8 18. Qe2+
1-0

[Event "Obi-Wan BENONI"]
[Site "SchemingMind.com"]
[Date "2005.10.30"]
[Round "-"]
[White "Gary"]
[Black "miguel12"]
[Result "1-0"]
[WhiteCountry "ENG"]
[BlackCountry "USA"]
[WhiteElo "1513"]
[WhiteRD "66"]
[BlackElo "1499"]
[BlackRD "89"]
[GameID "28964"]

1. d4 Nf6 2. c4 c5 3. d5 b5 4. cxb5 a6 5. e3 g6 6. Nc3 Bg7 7. Nf3 O-O 8. Be2 d6 9. O-O axb5 10. Bxb5 Bg4
11. h3 Bxf3 12. Qxf3 Na6 13. a3 Nd7 14. Qe2 Nc7 15. Bd3 Bxc3 16. bxc3 Nxd5 17. Bb2 Qa5 18. Rac1 Ne5 19. Be4 c4 20. f4 Nd7
21. Qxc4 Nxe3 22. Qb4 Nxf1 23. Kxf1 Qxb4 24. cxb4 Rac8 25. Rxc8 Rxc8 26. Ke2 Nb6 27. Kd3 f5 28. Bf3 Nc4 29. Bd5+
1-0

[Event "Obi-Wan BENONI"]
[Site "SchemingMind.com"]
[Date "2005.10.30"]
[Round "-"]
[White "sythymesnos"]
[Black "miguel12"]
[Result "1-0"]
[WhiteCountry "FRA"]
[BlackCountry "USA"]
[WhiteElo "1894"]
[WhiteRD "68"]
[BlackElo "1650"]
[BlackRD "125"]
[GameID "28965"]

1. d4 Nf6 2. c4 c5 3. d5 e6 4. Nc3 exd5 5. cxd5 d6 6. e4 g6 7. Bf4 a6 8. a4 Bg7 9. Nf3 O-O 10. Bd3 Bg4
11. h3 Bxf3 12. Qxf3 Nh5 13. Bh2 Nd7 14. O-O Ne5 15. Qe2 Nxd3 16. Qxd3 Re8 17. Rfe1 Qg5 18. Bxd6 Nf4 19. Qf3 Nh5 20. Bxc5
1-0

[Event "Obi-Wan BENONI"]
[Site "SchemingMind.com"]
[Date "2005.10.30"]
[Round "-"]
[White "Aumonde"]
[Black "miguel12"]
[Result "1-0"]
[WhiteCountry "USA"]
[BlackCountry "USA"]
[WhiteElo "2145"]
[WhiteRD "64"]
[BlackElo "1650"]
[BlackRD "125"]
[GameID "28966"]

1. d4 Nf6 2. c4 c5 3. d5 b5 4. cxb5 a6 5. bxa6 Bxa6 6. g3 g6 7. b3 d6 8. Bg2 Bg7 9. Bb2 O-O 10. Nh3 Nbd7
11. O-O Nb6 12. Nf4 Bb7 13. e4 Nbd7 14. Nd2 Qb6 15. Nc4 Qc7 16. Re1 Nb6 17. e5 Nxc4 18. bxc4 Nd7 19. exd6 Qxd6 20. Bxg7 Kxg7
21. Qe2 Ne5 22. Qxe5+
1-0

[Event "Obi-Wan BENONI"]
[Site "SchemingMind.com"]
[Date "2005.10.30"]
[Round "-"]
[White "Louis Lima"]
[Black "miguel12"]
[Result "1-0"]
[WhiteCountry "ESP"]
[BlackCountry "USA"]
[WhiteElo "1688"]
[WhiteRD "59"]
[BlackElo "1513"]
[BlackRD "88"]
[GameID "28967"]

1. d4 Nf6 2. c4 c5 3. d5 e6 4. Nc3 exd5 5. cxd5 d6 6. e4 g6 7. f4 Bg7 8. Bb5+ Bd7 9. e5 Nh5 10. Nf3 dxe5
11. fxe5 O-O 12. O-O a6 13. Bxd7 Nxd7 14. g4 Ng3 15. hxg3 Nxe5 16. Nxe5 Bxe5 17. Bf4 Bg7 18. Qb3 b5 19. Rad1 c4 20. Qc2 Qd7
21. Qe2 Rfd8 22. d6 Rac8 23. Nd5 Rb8 24. Be5
1-0

[Event "Obi-Wan BENONI"]
[Site "SchemingMind.com"]
[Date "2005.10.30"]
[Round "-"]
[White "IvanXXIII"]
[Black "miguel12"]
[Result "0-1"]
[WhiteCountry "CRO"]
[BlackCountry "USA"]
[WhiteElo "1499"]
[WhiteRD "78"]
[BlackElo "1512"]
[BlackRD "83"]
[GameID "28968"]

1. d4 Nf6 2. c4 c5 3. d5 b5 4. cxb5 a6 5. f3 axb5 6. e4 b4 7. Nd2 g6 8. Nb3 d6 9. Bb5+ Nbd7 10. e5 dxe5
11. Nxc5 Qa5 12. Nxd7 Nxd7 13. Bxd7+ Bxd7 14. b3 Rd8 15. Bb2 Bc6
0-1

[Event "Obi-Wan BENONI"]
[Site "SchemingMind.com"]
[Date "2005.10.30"]
[Round "-"]
[White "zledar"]
[Black "Gary"]
[Result "0-1"]
[WhiteCountry "MEX"]
[BlackCountry "ENG"]
[WhiteElo "1126"]
[WhiteRD "103"]
[BlackElo "1453"]
[BlackRD "58"]
[GameID "28985"]

1. d4 Nf6 2. c4 c5 3. Nf3 cxd4 4. Nxd4 d6 5. e3 g6 6. Nc3 Bg7 7. Bd3 O-O 8. e4 Nc6 9. Nce2 a6 10. Nf4 e5
11. Nxc6 bxc6 12. Ne2 Be6 13. O-O d5 14. exd5 cxd5 15. cxd5 Bxd5
0-1

[Event "Obi-Wan BENONI"]
[Site "SchemingMind.com"]
[Date "2005.11.04"]
[Round "-"]
[White "zledar"]
[Black "sythymesnos"]
[Result "0-1"]
[WhiteCountry "MEX"]
[BlackCountry "FRA"]
[WhiteElo "1092"]
[WhiteRD "103"]
[BlackElo "1835"]
[BlackRD "60"]
[GameID "28986"]

1. d4 Nf6 2. c4 c5 3. d5 e6 4. Nc3 exd5 5. cxd5 d6 6. Nf3 Bg4 7. e4 a6 8. Be2 Bxf3 9. Bxf3 g6 10. O-O Bg7
11. Re1 O-O 12. Bf4 b5 13. e5 Ne8 14. Ne4 dxe5 15. Bg5 f6 16. Be3 c4 17. Nc5 Qc8 18. Ne6 Rf7 19. Rc1 Nd6 20. Bg4 f5
21. Bh3 Nd7 22. Ng5 Re7 23. b3 c3 24. b4 Qc4 25. a3 Nb6 26. Bxb6 Bh6 27. Nf3 Bxc1
0-1

[Event "Obi-Wan BENONI"]
[Site "SchemingMind.com"]
[Date "2005.11.04"]
[Round "-"]
[White "zledar"]
[Black "Aumonde"]
[Result "0-1"]
[WhiteCountry "MEX"]
[BlackCountry "USA"]
[WhiteElo "1152"]
[WhiteRD "110"]
[BlackElo "2145"]
[BlackRD "64"]
[GameID "28987"]

1. d4 Nf6 2. c4 c5 3. d5 e6 4. Nc3 exd5 5. cxd5 g6 6. Nf3 d6 7. e4 Bg7 8. Be2 O-O 9. O-O Re8 10. Nd2 Nbd7
11. Bb5 a6 12. Nf3 axb5 13. Nxb5 Nxe4
0-1

[Event "Obi-Wan BENONI"]
[Site "SchemingMind.com"]
[Date "2005.11.04"]
[Round "-"]
[White "zledar"]
[Black "Louis Lima"]
[Result "0-1"]
[WhiteCountry "MEX"]
[BlackCountry "ESP"]
[WhiteElo "1205"]
[WhiteRD "116"]
[BlackElo "1983"]
[BlackRD "85"]
[GameID "28988"]

1. d4 Nf6 2. c4 c5 3. d5 e6 4. Nc3 g6 5. Nf3 exd5 6. Nxd5 Nxd5 7. cxd5 d6 8. Qa4+ Bd7 9. Qe4+ Qe7 10. Qxe7+ Kxe7
11. e4 Bg7 12. Be2 a6 13. O-O b5 14. Be3 Bxb2 15. Rab1 Bg7 16. Rfc1 Bg4 17. h3 Bxf3 18. Bxf3 Nd7 19. Rc2 Ne5 20. Bg5+ f6
21. Bh4 Nxf3+ 22. gxf3 Bh6 23. e5 dxe5 24. Rxc5 Rhc8 25. Rbc1 Rxc5 26. Rxc5 Kd6 27. Rc3 g5 28. Bg3 Kxd5 29. Rd3+ Ke6 30. Rc3 Rd8
31. Rc6+ Rd6 32. Rxd6+ Kxd6 33. Bh2 Kc5 34. f4 gxf4 35. f3 Kc4
0-1

[Event "Obi-Wan BENONI"]
[Site "SchemingMind.com"]
[Date "2005.11.04"]
[Round "-"]
[White "zledar"]
[Black "miguel12"]
[Result "0-1"]
[WhiteCountry "MEX"]
[BlackCountry "USA"]
[WhiteElo "1092"]
[WhiteRD "103"]
[BlackElo "1513"]
[BlackRD "88"]
[GameID "28989"]

1. d4 Nf6 2. c4 c5 3. d5 b5 4. cxb5 a6 5. bxa6 Bxa6 6. Nc3 g6 7. e4 Bxf1 8. Kxf1 d6 9. Nf3 Bg7 10. Bf4 O-O
11. g3 Nbd7 12. Kg2 Ng4 13. Qd3 Nge5 14. Nxe5 Nxe5
0-1

[Event "Obi-Wan BENONI"]
[Site "SchemingMind.com"]
[Date "2005.11.04"]
[Round "-"]
[White "zledar"]
[Black "IvanXXIII"]
[Result "1-0"]
[WhiteCountry "MEX"]
[BlackCountry "CRO"]
[WhiteElo "1126"]
[WhiteRD "103"]
[BlackElo "1499"]
[BlackRD "78"]
[GameID "28990"]

1. d4 Nf6 2. c4 c5 3. d5 e6 4. Nc3 exd5 5. cxd5 d6 6. e4 g6 7. Nf3 Bg7 8. Be2 O-O 9. O-O Re8 10. Nd2 Nbd7
11. Nf3
1-0

[Event "Obi-Wan BENONI"]
[Site "SchemingMind.com"]
[Date "2005.10.30"]
[Round "-"]
[White "Gary"]
[Black "zledar"]
[Result "1-0"]
[WhiteCountry "ENG"]
[BlackCountry "MEX"]
[WhiteElo "1453"]
[WhiteRD "58"]
[BlackElo "1126"]
[BlackRD "103"]
[GameID "28991"]

1. d4 Nf6 2. c4 c5 3. d5 e6 4. Nc3 exd5 5. Nxd5 Nxd5 6. cxd5 d6 7. e4 Be7 8. Nf3 O-O 9. Be2 Bg4 10. O-O Re8
11. h3 Bd7 12. Bf4 Bf6 13. Rb1 Rxe4 14. Be3 Qe7 15. Bd3 Rb4 16. b3
1-0

[Event "Obi-Wan BENONI"]
[Site "SchemingMind.com"]
[Date "2005.10.30"]
[Round "-"]
[White "sythymesnos"]
[Black "zledar"]
[Result "1-0"]
[WhiteCountry "FRA"]
[BlackCountry "MEX"]
[WhiteElo "1894"]
[WhiteRD "68"]
[BlackElo "1152"]
[BlackRD "110"]
[GameID "28992"]

1. d4 Nf6 2. c4 c5 3. d5 e6 4. Nc3 exd5 5. cxd5 d6 6. e4 g6 7. Bf4 Bg7 8. Bd3 O-O 9. Nb5 Ne8 10. Nf3 Qf6
11. Bg5 Qxb2 12. Rb1 Qxa2 13. Be7 Qa5+ 14. Nd2 Nd7 15. O-O Ne5 16. Be2 Bg4 17. Bxg4 Nxg4 18. Nc4 Qa4 19. Qxa4
1-0